000 00681nam a2200289Ia 4500
005 20260324125312.0
008 008 260324s9999 xx 000 0 eng d
020 _a9780429145308
037 _aEBOOK
040 _aCRL
040 _beng
040 _cCRL
041 _2eng
041 _aeng
084 _qCRL
100 _aFranky So
_91177472
245 0 _aOrganic Electronics
245 0 _bMaterials, Processing, Devices and Applications
260 _bTaylor and Francis
260 _c2009
365 _a
365 _b400
856 _uhttp://www.taylorfrancis.com/books/9780429145308
942 _cEBOOK
999 _c1772588
_d1772588